header

The official GNOME 2 developer's guide (Record no. 46018)

MARC details
000 -LEADER
fixed length control field 01135nam a2200301Ia 4500
082 04 - DEWEY DECIMAL CLASSIFICATION NUMBER
Classification number 005.4/38
100 1# - MAIN ENTRY--AUTHOR NAME
Personal name Warkus, Matthias.
245 14 - TITLE STATEMENT
Title The official GNOME 2 developer's guide
260 ## - PUBLICATION, DISTRIBUTION, ETC. (IMPRINT)
Place of publication San Francisco :
Name of publisher No Starch Press,
Year of publication c2004.
300 ## - PHYSICAL DESCRIPTION
Number of Pages 497 p.
500 ## - GENERAL NOTE
General note Includes index.
650 #0 - SUBJECT ADDED ENTRY--TOPICAL TERM
Topical Term Computer programming.
Topical Term Computer software
Topical Term Graphical user interfaces (Computer systems)
856 40 - ELECTRONIC LOCATION AND ACCESS
Uniform Resource Identifier http://site.ebrary.com/lib/rucke/Doc?id=10060500

No items available.

© 2026 Rongo University
Contact us: librarian | system librarian | Rongo university